000
00281nam a22001217a 4500
003
SGT
082
_a
618.92
_b
P07R
100
_a
ROSEN,LAWRENCE D
245
_a
PEDIATRIC CLINICS OF NORTH AMERICA VOL 54
260
_a
PHILADELPHIA
_b
SAUNDERS
_c
2007
300
_a
1070
942
_2
ddc
_c
BK
999
_c
14042
_d
14042